[Event "Hum na Sutli op 15th"]
[Site "Hum na Sutli"]
[Date "2023.08.27"]
[Round "2"]
[White "Vukovojac, Vedran"]
[Black "Jelecevic, Ivo"]
[Result "1/2-1/2"]
[WhiteElo "1833"]
[BlackElo "2079"]
[PlyCount "86"]
[EventDate "2023.08.26"]
[EventType "swiss"]
[EventRounds "9"]
[EventCountry "CRO"]
[SourceTitle "EXT 2024"]
[Source "ChessBase"]
[SourceDate "2023.10.10"]
[SourceVersion "1"]
[SourceVersionDate "2023.10.10"]
[SourceQuality "1"]

1. Nf3 d5 2. d4 Nf6 3. c4 c6 4. cxd5 cxd5 5. Nc3 Nc6 6. Bf4 a6 7. Rc1 Ne4 8. Ne5 Nxc3 9. Rxc3 Nxe5 10. Bxe5 Bd7 11. e3 Bc6 12. a3 f6 13. Bg3 g6 14. Bd3 e6 15. h4 Bd6 16. Qg4 Kf7 17. h5 g5 18. h6 Qc7 19. Bxd6 Qxd6 20. 0-0 Ke7 21. Rfc1 Kd7 22. Qe2 f5 23. b4 Rhc8 24. Qh5 Qe7 25. Qe2 g4 26. Qc2 Qd6 27. Bxf5 exf5 28. Qxf5+ Qe6 29. Qxh7+ Kd6 30. e4 Qxe4 31. Qg7 Rg8 32. Qf6+ Qe6 33. Rxc6+ bxc6 34. Rxc6+ Kxc6 35. Qxe6+ Kb5 36. Qxd5+ Ka4 37. Qc6+ Kxa3 38. Qc3+ Ka4 39. Qc2+ Kxb4 40. Qc5+ Kb3 41. Qb6+ Kc4 42. Qc5+ Kd3 43. Qf5+ Kxd4 1/2-1/2

[Event "EU-ch Amateur U2000"]
[Site "Zagreb"]
[Date "2022.08.20"]
[Round "8"]
[White "Vukovojac, Vedran"]
[Black "Smokvina Korbar, Rajka"]
[Result "1-0"]
[WhiteElo "1848"]
[BlackElo "1771"]
[PlyCount "107"]
[EventDate "2022.08.14"]
[EventType "swiss"]
[EventRounds "9"]
[EventCountry "CRO"]
[SourceTitle "CBM 210 Extra"]
[Source "ChessBase"]
[SourceDate "2022.11.30"]
[SourceVersion "1"]
[SourceVersionDate "2022.11.30"]
[SourceQuality "1"]

1. Nf3 Nf6 2. c4 e6 3. g3 c6 4. Bg2 d5 5. b3 Nbd7 6. Bb2 Qb6 7. Qc2 Ne4 8. 0-0 Qd8 9. d3 Nef6 10. Nbd2 h5 11. e4 Rh6 12. e5 Ng8 13. h4 Be7 14. d4 Rg6 15. Ng5 Bxg5 16. hxg5 Rxg5 17. Nf3 Rg6 18. Bc1 Nf8 19. Kh2 Nh6 20. Rh1 Nf5 21. Kg1 dxc4 22. Qxc4 Rg4 23. Bh3 Rxd4 24. Nxd4 Nxd4 25. Bg2 Nf5 26. Bb2 Qb6 27. Qd3 Bd7 28. Rd1 Rd8 29. Rxh5 Bc8 30. Qxd8+ Qxd8 31. Rxd8+ Kxd8 32. Rh8 Ke8 33. Ba3 Ne7 34. f4 Neg6 35. Rg8 Ne7 36. Bxe7 Kxe7 37. Rxg7 Bd7 38. Rg8 b5 39. Rh8 Be8 40. Kf2 Ng6 41. Rh1 Kd7 42. Rc1 Kc7 43. Ke3 Ne7 44. Be4 Kb6 45. Rd1 Kc7 46. b4 Nc8 47. f5 Nb6 48. fxe6 fxe6 49. g4 Bf7 50. g5 Nd5+ 51. Bxd5 exd5 52. Kd4 Kb6 53. Rf1 Bg8 54. g6 1-0

[Event "EU-ch Amateur U2000"]
[Site "Zagreb"]
[Date "2022.08.14"]
[Round "1"]
[White "Tonc, Josip"]
[Black "Vukovojac, Vedran"]
[Result "1-0"]
[WhiteElo "1644"]
[BlackElo "1848"]
[PlyCount "101"]
[EventDate "2022.08.14"]
[EventType "swiss"]
[EventRounds "9"]
[EventCountry "CRO"]
[SourceTitle "CBM 210 Extra"]
[Source "ChessBase"]
[SourceDate "2022.11.30"]
[SourceVersion "1"]
[SourceVersionDate "2022.11.30"]
[SourceQuality "1"]

1. d4 d5 2. c4 c6 3. Nc3 Nf6 4. Nf3 dxc4 5. a4 Bf5 6. e3 e6 7. Bxc4 Bb4 8. 0-0 Nbd7 9. h3 h6 10. Bd3 Bxd3 11. Qxd3 0-0 12. Rd1 Qe7 13. Bd2 Rfd8 14. Qc2 Rac8 15. Qb3 a5 16. Rac1 c5 17. Nb5 b6 18. Bxb4 axb4 19. dxc5 bxc5 20. Nd6 Rc6 21. Nc4 Ne8 22. Rd2 Rcc8 23. Rcd1 Ndf6 24. Qc2 Rxd2 25. Rxd2 Rd8 26. b3 Rxd2 27. Nfxd2 Nd6 28. Qd3 Nxc4 29. Nxc4 e5 30. Qd6 Qxd6 31. Nxd6 Kf8 32. a5 Nd7 33. a6 Nb6 34. a7 Na8 35. Kf1 Ke7 36. Ne4 c4 37. bxc4 b3 38. Ke2 b2 39. Nc3 Kd6 40. Kd2 Kc5 41. Na4+ Kxc4 42. Nxb2+ Kb5 43. Kd3 Ka6 44. Ke4 Kxa7 45. Kxe5 Nb6 46. Kd6 Nc8+ 47. Kc7 Nb6 48. Kd8 f5 49. Nd3 Kb7 50. Ke7 Kc7 51. Kf7 1-0

[Event "Zagreb Damjanovic Memorial 3rd"]
[Site "Zagreb"]
[Date "2019.11.09"]
[Round "1"]
[White "Vukovojac, Vedran"]
[Black "Matic, Zeljko"]
[Result "1/2-1/2"]
[WhiteElo "1839"]
[BlackElo "2190"]
[PlyCount "36"]
[EventDate "2019.11.09"]
[EventType "swiss"]
[EventRounds "9"]
[EventCountry "CRO"]
[SourceTitle "CBM 193 Extra"]
[Source "ChessBase"]
[SourceDate "2020.01.31"]
[SourceVersion "1"]
[SourceVersionDate "2020.01.31"]
[SourceQuality "1"]

1. e4 g6 2. c4 Bg7 3. Nc3 c5 4. g3 Nc6 5. Bg2 e6 6. Nge2 Nge7 7. 0-0 d6 8. d3 0-0 9. Rb1 Qd7 10. Be3 b6 11. d4 cxd4 12. Nxd4 Bb7 13. b3 Rfd8 14. Qd2 Rac8 15. Rfd1 Qc7 16. Rbc1 Nxd4 17. Bxd4 Bxd4 18. Qxd4 e5 1/2-1/2

[Event "Krapina op 9th"]
[Site "Krapina"]
[Date "2019.01.20"]
[Round "6"]
[White "Trsinski, Stjepan"]
[Black "Vukovojac, Vedran"]
[Result "1-0"]
[WhiteElo "1732"]
[BlackElo "1868"]
[PlyCount "69"]
[EventDate "2019.01.17"]
[EventType "swiss"]
[EventRounds "7"]
[EventCountry "CRO"]
[SourceTitle "CBM 188 Extra"]
[Source "ChessBase"]
[SourceDate "2019.02.26"]
[SourceVersion "1"]
[SourceVersionDate "2019.02.26"]
[SourceQuality "1"]

1. e4 c5 2. f4 g6 3. Nf3 Bg7 4. Bc4 Nc6 5. 0-0 e6 6. e5 d5 7. Be2 Nge7 8. c3 d4 9. d3 0-0 10. Nbd2 f6 11. exf6 Bxf6 12. Ne4 Bg7 13. c4 b6 14. Qe1 Nb4 15. Qd1 Nbc6 16. Bd2 h6 17. g4 Kh7 18. Qe1 e5 19. Qg3 exf4 20. Bxf4 g5 21. Nfxg5+ Kg8 22. Bc7 Qd7 23. Rxf8+ Kxf8 24. Nh7+ Kf7 25. Bf4 Kg6 26. Nhg5 hxg5 27. Nxg5 Bb7 28. Ne4 Rh8 29. Rf1 Nd8 30. Be5 Nf7 31. Bxg7 Kxg7 32. Bf3 Ng6 33. Bg2 Bxe4 34. Bxe4 Qd6 35. Rxf7+ 1-0

[Event "Krapina op 9th"]
[Site "Krapina"]
[Date "2019.01.19"]
[Round "4"]
[White "Spoljar, Krunoslav"]
[Black "Vukovojac, Vedran"]
[Result "1/2-1/2"]
[WhiteElo "1740"]
[BlackElo "1868"]
[PlyCount "112"]
[EventDate "2019.01.17"]
[EventType "swiss"]
[EventRounds "7"]
[EventCountry "CRO"]
[SourceTitle "CBM 188 Extra"]
[Source "ChessBase"]
[SourceDate "2019.02.26"]
[SourceVersion "1"]
[SourceVersionDate "2019.02.26"]
[SourceQuality "1"]

1. d4 d5 2. c4 dxc4 3. e3 e6 4. Nc3 Nf6 5. Nf3 c5 6. Bxc4 a6 7. 0-0 b5 8. Be2 Bb7 9. dxc5 Bxc5 10. Qxd8+ Kxd8 11. b3 Ke7 12. Bb2 Nbd7 13. Rac1 Rac8 14. Rfd1 Rhd8 15. h3 Kf8 16. Nd4 Rc7 17. Bf3 Bxf3 18. Nxf3 Rdc8 19. Ne2 Be7 20. Rxc7 Rxc7 21. Rc1 Rxc1+ 22. Nxc1 Ne4 23. Nd3 Bf6 24. Bxf6 Ndxf6 25. Nd4 Nd5 26. Nc6 Nec3 27. Nc5 Nc7 28. a4 bxa4 29. bxa4 Ke8 30. Nb8 Kd8 31. a5 Kc8 32. Nbxa6 Nxa6 33. Nxa6 Kb7 34. Nb4 Nd5 35. Nxd5 exd5 36. Kf1 Ka6 37. Ke2 Kxa5 38. Kd3 Kb5 39. Kd4 Kc6 40. h4 Kd6 41. g4 Ke6 42. f4 h5 43. gxh5 Kd6 44. f5 f6 45. e4 dxe4 46. Kxe4 Kc5 47. Kf4 Kd4 48. Kg4 Ke4 49. h6 gxh6 50. Kh5 Kxf5 51. Kxh6 Kg4 52. h5 f5 53. Kg6 f4 54. h6 f3 55. h7 f2 56. h8Q f1Q 1/2-1/2

[Event "Krapina op 9th"]
[Site "Krapina"]
[Date "2019.01.19"]
[Round "5"]
[White "Vukovojac, Vedran"]
[Black "Franc, Borna"]
[Result "0-1"]
[WhiteElo "1868"]
[BlackElo "1770"]
[PlyCount "68"]
[EventDate "2019.01.17"]
[EventType "swiss"]
[EventRounds "7"]
[EventCountry "CRO"]
[SourceTitle "CBM 188 Extra"]
[Source "ChessBase"]
[SourceDate "2019.02.26"]
[SourceVersion "1"]
[SourceVersionDate "2019.02.26"]
[SourceQuality "1"]

1. f4 d5 2. b3 Nf6 3. Bb2 e6 4. Nf3 c5 5. e3 Nc6 6. Bb5 Bd7 7. 0-0 Be7 8. d3 0-0 9. Nbd2 a6 10. Bxc6 Bxc6 11. Ne5 Qc7 12. Ndf3 Rad8 13. Qe2 Nd7 14. g4 Nxe5 15. Nxe5 f6 16. Nxc6 Qxc6 17. Qg2 Qc7 18. Rf3 c4 19. Raf1 Qa5 20. h4 Qxa2 21. Bxf6 Bxf6 22. g5 Be7 23. bxc4 dxc4 24. d4 Qa5 25. h5 Qd5 26. h6 g6 27. c3 b5 28. Qc2 b4 29. e4 b3 30. Qb1 Qc6 31. f5 exf5 32. exf5 Bxg5 33. fxg6 Rxf3 34. gxh7+ Kh8 0-1

[Event "Krapina-ch 8th "]
[Site "Krapina"]
[Date "2018.01.21"]
[Round "7"]
[White "Spiljak, Stjepan"]
[Black "Vukovojac, Vedran"]
[Result "1/2-1/2"]
[WhiteElo "1603"]
[BlackElo "1917"]
[PlyCount "77"]
[EventDate "2018.01.18"]
[EventType "swiss"]
[EventRounds "7"]
[EventCountry "CRO"]
[SourceTitle "EXT 2019"]
[Source "ChessBase"]
[SourceDate "2018.10.10"]
[SourceVersion "1"]
[SourceVersionDate "2018.10.10"]
[SourceQuality "1"]

1. g3 d5 2. Bg2 Nf6 3. Nf3 c6 4. c3 Bg4 5. d3 Nbd7 6. Nbd2 e5 7. b4 Bd6 8. Nb3 0-0 9. 0-0 Qc7 10. a3 Rfe8 11. Qc2 e4 12. Nfd4 exd3 13. exd3 Ne5 14. f3 Bh5 15. Bg5 Bg6 16. Nc1 Nfd7 17. f4 Ng4 18. f5 Bh5 19. h3 Bxg3 20. hxg4 Bxg4 21. Nce2 Nf6 22. Nxg3 Qxg3 23. Rf2 Re7 24. Bf4 Qh4 25. Bd6 Re3 26. Bf4 Re7 27. Nf3 Bxf3 28. Rxf3 Rae8 29. Qf2 Qh5 30. Rf1 Re2 31. Qxa7 h6 32. Qxb7 Ng4 33. Qd7 Rxg2+ 34. Kxg2 Re2+ 35. R1f2 Nxf2 36. Rxf2 Re1 37. Bh2 Qg4+ 38. Bg3 Qh5 39. Bh2 1/2-1/2

[Event "Krapina-ch 8th "]
[Site "Krapina"]
[Date "2018.01.21"]
[Round "6"]
[White "Vukovojac, Vedran"]
[Black "Krklec, Josip"]
[Result "0-1"]
[WhiteElo "1917"]
[BlackElo "2032"]
[PlyCount "60"]
[EventDate "2018.01.18"]
[EventType "swiss"]
[EventRounds "7"]
[EventCountry "CRO"]
[SourceTitle "EXT 2019"]
[Source "ChessBase"]
[SourceDate "2018.10.10"]
[SourceVersion "1"]
[SourceVersionDate "2018.10.10"]
[SourceQuality "1"]

1. e4 c5 2. c4 Nc6 3. Nc3 g6 4. g3 Bg7 5. Bg2 e6 6. Nge2 Nge7 7. 0-0 0-0 8. d3 b6 9. Rb1 a6 10. Be3 Bb7 11. d4 d6 12. Qd2 Qc7 13. f4 e5 14. fxe5 cxd4 15. Nxd4 Nxe5 16. b3 Ng4 17. Bf4 Qc5 18. Rbd1 Nc6 19. Nce2 Rfe8 20. h3 Nxd4 21. Nxd4 Nf6 22. b4 Qc8 23. Bxd6 Nxe4 24. Bxe4 Rxe4 25. Qf2 Qxc4 26. Nf3 Re2 27. Qxb6 Bxf3 28. Rxf3 Qc2 29. Rfd3 Rg2+ 30. Kf1 Qe2# 0-1

[Event "Krapina-ch 8th "]
[Site "Krapina"]
[Date "2018.01.18"]
[Round "1"]
[White "Vasilijevic, Vili"]
[Black "Vukovojac, Vedran"]
[Result "1/2-1/2"]
[WhiteElo "1563"]
[BlackElo "1917"]
[PlyCount "50"]
[EventDate "2018.01.18"]
[EventType "swiss"]
[EventRounds "7"]
[EventCountry "CRO"]
[SourceTitle "EXT 2019"]
[Source "ChessBase"]
[SourceDate "2018.10.10"]
[SourceVersion "1"]
[SourceVersionDate "2018.10.10"]
[SourceQuality "1"]

1. e4 c5 2. Nf3 g6 3. d4 Bg7 4. c3 cxd4 5. cxd4 d5 6. exd5 Nf6 7. Bc4 0-0 8. Nc3 Nbd7 9. d6 exd6 10. 0-0 Nb6 11. Bb3 d5 12. Bf4 Bg4 13. h3 Bxf3 14. Qxf3 Qd7 15. Be5 Ne4 16. Bxg7 Kxg7 17. Nxe4 dxe4 18. Qxe4 Rfe8 19. Qd3 Nd5 20. Bxd5 Qxd5 21. f3 Rad8 22. Rfd1 Re6 23. b3 Red6 24. Qc3 Qf5 25. Rac1 Qd7 1/2-1/2

[Event "Velika Gorica op 12th"]
[Site "Velika Gorica"]
[Date "2014.08.18"]
[Round "1"]
[White "Vukovojac, Vedran"]
[Black "Pandurevic, Miro"]
[Result "0-1"]
[WhiteElo "1842"]
[BlackElo "2271"]
[PlyCount "42"]
[EventDate "2014.08.18"]
[EventType "swiss"]
[EventRounds "9"]
[EventCountry "CRO"]
[SourceTitle "EXT 2015"]
[Source "ChessBase"]
[SourceDate "2014.11.20"]
[SourceVersion "1"]
[SourceVersionDate "2014.11.20"]
[SourceQuality "1"]

1. Nf3 Nf6 2. g3 g6 3. b3 Bg7 4. Bb2 0-0 5. Bg2 d6 6. d4 Nc6 7. 0-0 e5 8. dxe5 Ng4 9. c4 Ngxe5 10. Nc3 Re8 11. Qd2 Nxf3+ 12. Bxf3 Nd4 13. Bg2 Bg4 14. f3 Bd7 15. e3 Nf5 16. e4 Bd4+ 17. Kh1 Be3 18. Qd3 Nxg3+ 19. hxg3 Qg5 20. Bh3 Qh6 21. Qe2 Bxh3 0-1

[Event "Velika Gorica op 9th"]
[Site "Velika Gorica"]
[Date "2010.08.25"]
[Round "3"]
[White "Purgar, Ivona"]
[Black "Vukovojac, Vedran"]
[Result "1-0"]
[WhiteElo "2104"]
[BlackElo "1898"]
[PlyCount "70"]
[EventDate "2010.08.23"]
[EventType "swiss"]
[EventRounds "9"]
[EventCountry "CRO"]
[SourceTitle "CBM 138 Extra"]
[Source "ChessBase"]
[SourceDate "2010.10.29"]
[SourceVersion "1"]
[SourceVersionDate "2010.10.29"]
[SourceQuality "1"]

1. e4 e5 2. Nf3 Nf6 3. Nxe5 d6 4. Nf3 Nxe4 5. d4 d5 6. Bd3 Bd6 7. 0-0 0-0 8. c4 c6 9. cxd5 cxd5 10. Nc3 Nxc3 11. bxc3 Bg4 12. Rb1 Nd7 13. h3 Bh5 14. Rb5 Nb6 15. c4 Bxf3 16. Qxf3 dxc4 17. Bc2 Qd7 18. a4 g6 19. Bd2 Rfe8 20. Rfb1 c3 21. Bxc3 Rac8 22. Bb3 Rc7 23. Bd2 Nc8 24. h4 h5 25. Rg5 Kh7 26. Qd3 f5 27. Bd1 Be7 28. Rg3 Bxh4 29. Rh3 Bf6 30. Qg3 h4 31. Rxh4+ Bxh4 32. Qxh4+ Kg8 33. Bb3+ Kf8 34. Bh6+ Qg7 35. Bxg7+ Kxg7 1-0

[Event "CRO-chT4A Center"]
[Site "Zagreb"]
[Date "2010.03.21"]
[Round "1.14"]
[White "Benamatic, Kresimir"]
[Black "Vukovojac, Vedran"]
[Result "1-0"]
[WhiteElo "2012"]
[BlackElo "1904"]
[PlyCount "61"]
[EventDate "2010.03.21"]
[EventType "team-tourn"]
[EventRounds "11"]
[EventCountry "CRO"]
[SourceTitle "EXT 2012"]
[Source "ChessBase"]
[SourceDate "2011.11.24"]
[SourceVersion "1"]
[SourceVersionDate "2011.11.24"]
[SourceQuality "1"]

1. d4 d5 2. c4 dxc4 3. Nf3 Nf6 4. Nc3 c6 5. a4 e6 6. e3 c5 7. Bxc4 Nc6 8. 0-0 cxd4 9. exd4 Be7 10. Bf4 0-0 11. Re1 Nb4 12. Qb3 Nfd5 13. Nxd5 Nxd5 14. Bxd5 exd5 15. Rac1 Bd6 16. Bg5 Qa5 17. Be7 Bxe7 18. Rxe7 Be6 19. Rxb7 h6 20. h3 Rfc8 21. Rxc8+ Rxc8 22. Qa3 Qa6 23. Rb5 Rc1+ 24. Kh2 Qc8 25. Rc5 Qb8+ 26. g3 Rb1 27. Rb5 Qc8 28. Qc5 Qd7 29. Rb8+ Kh7 30. Ne5 Qxa4 31. Qf8 1-0

[Event "Velika Gorica op 8th"]
[Site "Velika Gorica"]
[Date "2008.08.24"]
[Round "2"]
[White "Ivic, Mateo"]
[Black "Vukovojac, Vedran"]
[Result "1-0"]
[WhiteElo "2282"]
[BlackElo "1880"]
[PlyCount "83"]
[EventDate "2008.08.23"]
[EventType "swiss"]
[EventRounds "9"]
[EventCountry "CRO"]
[SourceTitle "CBM 126 Extra"]
[Source "ChessBase"]
[SourceDate "2008.11.05"]
[SourceVersion "1"]
[SourceVersionDate "2008.11.05"]
[SourceQuality "1"]

1. e4 e5 2. Nf3 Nf6 3. Nc3 Bb4 4. Bc4 d6 5. d3 Bg4 6. h3 Bh5 7. 0-0 h6 8. g4 Bg6 9. Ne2 Nbd7 10. Ng3 0-0 11. Be3 c6 12. Nh4 d5 13. exd5 cxd5 14. Bb3 Nc5 15. Nxg6 fxg6 16. c3 Nxb3 17. Qxb3 Be7 18. Qxb7 Qd7 19. Qxd7 Nxd7 20. Rfe1 a6 21. Rad1 Rab8 22. b3 Rb7 23. Kg2 Bd6 24. c4 d4 25. Bc1 a5 26. Ne4 Be7 27. Bd2 Ra8 28. Rc1 Bc5 29. Rb1 Ba3 30. Re2 g5 31. Be1 Ra6 32. f3 Kf7 33. Bg3 Re6 34. Rc2 Bc5 35. Be1 Ra6 36. Bg3 Re6 37. Rh1 a4 38. bxa4 Ra7 39. Rb1 Rxa4 40. Rb7 Ra7 41. Rxd7+ Rxd7 42. Nxc5 1-0